000 00728nam a2200253 i 4500
001 000006100
003 DO-SdBNP
005 20250804120021.0
007 ta
008 250804s1998 dr 000 0 spa d
040 _aDO-SdBNP
_bspa
_cBNPHU
_erda
041 _hspa
082 _axxx
_bM953
_222
100 _988457
245 1 0 _aMujer y adicción /
_cFénix, fundación para la atención integral a la enfermedad de la adicción
264 _aSanto Domingo :
_bTalleres Integrafic,
_c1998
300 _a75 páginas. ;
_c22 cm.
336 _ardacontent
_btexto
_2txt
337 _ardamedia
_bsin mediación
_2n
338 _ardacarrier
_bvolumen
_2nc
590 _aInventariado,2025/DG
910 _aDG
942 _2ddc
_cLBS1
999 _c59721
_d59721